000 00450nam a2200145Ia 4500
005 20250424120324.0
008 250424s9999 xx 000 0 und d
022 _aTE 180 .N33/
050 _aStandard specifications for highway construction
245 0 _aLittle Rock
260 _aArkansas state highway and transportation department
260 _c536 p. : tables ; 20 cm.
300 _aRoads--Specifications--Nebraska--Periodicals.
650 _aSR
999 _c38651
_d38651